000 00578nam a2200229Ia 4500
003 OSt
005 20221005114231.0
006 a|||||r|||| 00| 0
007 ta
008 221004b |||||||| |||| 00| 0 mar d
024 _a40405
037 _cTextual
040 _aCRL
_cCRL
_bmar
041 _2mar
_amar
082 _aR66,6xG90,1,1, 155G0
100 _aSubandh
_9625647
245 0 _aAnuvabamrta dipika
300 _a480p.
_ccm.
650 _aBHAGAVAD GITA
942 _hR66,6xG90,1,1, 155G0
_cTEXL
_2cc
999 _c1030717
_d1030717